Responses for show #6022 - Tuesday, November 16, 2010

2010-B College Championship semifinal game 2.

Contestants

Hans von Walter, a junior from Southern Adventist University from Avon Park, Florida

Ellen Eichner, a junior from the Ohio State University from Northbrook, Illinois

Steve Greene, a senior from UCLA from Elk Grove, California

Jeopardy! Round responses

INTERNATIONAL DATE LINE
& THE OSCAR GOES TO...
WHAT KIND OF PAINT YOU USING?
TEACHING ASSISTANCE
ENVIRONMENTALISM
GLEE
    $200 6
Julius Caesar

Hans
    $200 1
Spielberg

Hans
    $200 18
(Hans: What is watercolor?)

oil (paint)

EllenHans
    $200 14
slides

Steve
    $200 22
the Sierra Club

Steve
    $200 11
an amusement park

Ellen
    $400 7
the Magna Carta

Hans
    $400 2
Precious

Steve
    $400 27
(Ellen: What is face paint?)

greasepaint

Ellen
Triple Stumper
    $400 15
the Constitution

Steve
    $400 23
Canada

Ellen
    $400 12
cheer

Hans
    $2,400 8
Stanley & Livingstone

Hans
    $600 3
Jennifer Hudson

Hans
    $600 28
(Alex: Hans, you knew that, but you didn't ring in.)

as spray paints

Triple Stumper
    $600 16
the bedrock

Triple Stumper
    $600 24
the Environmental Protection Agency

Steve
    $600 13
Joy

Steve
    $800 9
Sri Lanka

Hans
    $800 4
Cuba Gooding, Jr.

Steve
    $800 29
(Alex: You knew that again, Hans? Will you ring in once in a while, please?)

luminous (or luminescent)

Triple Stumper
    $800 17
patriarchy

Ellen
    $800 25
acid rain

Ellen
    $800 20
delight

Steve
    $1000 10
(Steve: Who is Ferdinand?)
(Ellen: Who is Napoléon?)
...
[Applause for Hans's run of the category]

Maximilian

SteveEllenHans
    $1000 5
the Coen brothers

Hans
    $1000 30
(Alex: There you go. When you ring in, good things happen.)

war paint

Hans
    $1000 19
Wealth of Nations

Steve
    $1000 26
Kyoto

Hans
    $1000 21
(Hans: What is the 365 Day Project!?)

The Happiness Project

Hans
Triple Stumper

Scores at the first commercial break (after clue 15):

Steve Ellen Hans
$1,400 -$800 $7,000

Scores at the end of the Jeopardy! Round:

Steve Ellen Hans
$4,000 $1,000 $7,800

Double Jeopardy! Round responses

SHAKESPEERS
TV
EXPLORING AFRICA
ARCHAEOLOGY
PENINSULAS
YOU GOTTA STAND FOR SOMETHING
    $400 16
(Hans: What is Two Gentlemen of Verona?)
(Steve: What is Twelfth Night?)
...
(Alex: Hans, you're doing one of these again. You knew that?)
(Hans: Uh, it was the other one, I was gonna--)
(Alex: Oh, okay. Go again.)

The Merchant of Venice

SteveHans
Triple Stumper
    $400 1
Big Brother

Steve
    $400 6
Sahara

Hans
    $400 24
a trowel

Hans
    $400 11
Wisconsin

Hans
    $400 25
grade point average

Ellen
    $800 2
My Dad Says

Ellen
    $800 10
the Red Sea

Hans
    $800 17
a matrix

Hans
    $800 15
[Applause for Hans' run of the category]
(Alex: You know your peninsulas, and you have $19,000 as the result.)

the Sinai Peninsula

Hans
    $1200 26
Much Ado About Nothing

Steve
    $1200 3
Man vs. Wild

Ellen
    $1200 7
(Ellen: What is Kenya?)

South Africa

EllenHans
    $1200 18
artifact

Triple Stumper
    $1200 14
the Yucatán

Hans
    $1600 22
Twelfth Night

Steve
    $1600 4
Lifetime

Hans
    $1600 8
da Gama

Hans
    $1,600 19
(Alex: Hans?)
(Hans: Um, what are "nomadic-hyphen-people"?)
[Laughter]
(Alex: No, what are [*], [*]. You lost just a little bit; still have a big big lead.)

hunter-gatherers

Hans
    $3,200 12
(Alex: You are the dominator.)
(Hans: Don't say that--don't jinx me.)

the Balkan Peninsula

Hans
    $1600 27
[The end-of-round signal sounds.]

the Royal Australian Air Force

Steve
    $2000 21
Norway

Ellen
    $2000 5
(Hans: Uhhh... what is Chuck?)
(Steve: What is Covert Affairs?)

Burn Notice

SteveEllenHans
    $2000 9
(Alex: Not the actor, of course.)

Sir Richard Burton

Triple Stumper
    $2000 20
situ

Triple Stumper
    $2000 13
the Seward Peninsula

Hans
    $2000 23
American Samoa

Hans

Scores at the end of the Double Jeopardy! Round:

Steve Ellen Hans
$6,400 $6,200 $20,200
(lock game)

[wagering suggestions for these scores]

Final Jeopardy! Round responses

OPERA
(Alex: Steve, over to you now. A lot of, uh, Broadway musicals in your background, but opera also? What is [*], yes. Why would the boy stand still? Because the father's about to shoot the apple off his head!)
EllenWhat is the barber of Seville?
$2,000
SteveWhat is William Tell?
$6,379
HansWhat is Marriage of Figaro?
$2,022
William Tell

Final scores:

Steve Ellen Hans
$12,779 $4,200 $18,178
2nd place: $10,000 3rd place: $10,000 Finalist

Game dynamics:

Coryat scores:

Steve Ellen Hans
$6,400 $6,200 $18,400
13 R,
3 W
10 R,
3 W
24 R
(including 2 DDs),
5 W
(including 1 DD)

Combined Coryat: $31,000

The J! Archive is created by fans, for fans. The Jeopardy! game show and all elements thereof, including but not limited to copyright and trademark thereto, are the property of Jeopardy Productions, Inc. and are protected under law. This website is not affiliated with, sponsored by, or operated by Jeopardy Productions, Inc. Join the discussion at JBoard.tv.